000 00615nam a2200229Ia 4500
003 0100
008 130303s9999 xx 000 0 und d
020 _a897896564
040 _cARRUPELIB
050 _aLB675.N636N54 2001
245 _aNietzsche's Legacy for Education
245 _bPast and Present Values
260 _aLondon
260 _bBergin and Garvey
260 _C2001
300 _a229p.
300 _b23cm
440 _aCritical studies in education and culture series
650 _bBible NT Criticism, interpretation, etc Women clergy
700 _aedited by Michael Peters
942 0 0 _02
999 _c8533
_d8533